Ypsilanti, Michigan Quiz - Statistics

General Stats
  • This quiz has been taken 4 times
  • The average score is 3 of 5
Answer Stats
Question Answer % Correct
Which iconic pizza place was founded in Ypsilanti? Domino's
75%
What college is located in Ypsilanti? Eastern Michigan
75%
In which county is Ypsilanti located? Washtenaw
75%
What name do locals commonly refer to Ypsilanti as? Ypsi
50%
Per the 2020 census, how many people live in Ypsilanti? 20,000
25%
No matching quizzes found
Score Distribution
Percent of People with Each Score
Percentile by Number Answered
Your Score History
You have not taken this quiz